[Event "Bundesliga 1920"]
[Site "Germany"]
[Date "2020.02.09"]
[Round "6.4"]
[White "Moroni, Luca Jr"]
[Black "Hracek, Zbynek"]
[Result "0-1"]
[WhiteElo "2541"]
[BlackElo "2559"]
[Annotator "Meyer,CD"]
[PlyCount "46"]
[EventDate "2019.11.23"]
[EventType "team-tourn"]
[EventRounds "15"]
[EventCountry "GER"]
[SourceTitle "CBM 194 Extra"]
[Source "ChessBase"]
[SourceDate "2020.03.31"]
[SourceVersion "1"]
[SourceVersionDate "2020.03.31"]
[SourceQuality "1"]
[WhiteTeam "Berlin SF"]
[BlackTeam "Werder Bremen"]
[WhiteTeamCountry "GER"]
[BlackTeamCountry "GER"]

{[%evp 0,46,16,28,29,19,32,32,69,52,16,4,-5,-5,49,-8,-8,-15,13,-134,-103,-129,
-72,-95,-54,-85,-85,-113,-91,-46,-85,-133,-112,-133,-155,-173,-82,-208,-113,
-269,-269,-326,-327,-561,-596,-588,-688,-688,-688] LEAD IN DEVELOPMENT 
(Uncastled kings, London System with 2.Bf4)  ENTWICKLUNGSVORSPRUNG 
(Unrochierte Könige, Londoner System mit 2.Bf4)} 1. d4 Nf6 2. Bf4 d5 3. e3 c5
4. dxc5 $6 {This capturing away from the centre and the subsequent backing up
with b4 is in my opinion a double-edged enterprise which I would not recommend.
Here the preference is, for example, for the most frequently played and solid
4.c3. Dieses Herausschlagen aus dem Zentrum sowie das anschließende
Anschweißen mittels b4 ist meines Erachtens ein zweischneidiges, nicht
empfehlenswertes Unterfangen. Den Vorzug verdient hier beispielsweise das
meistgespielte, solide 4.c3.} e6 (4... Nc6 5. Bb5 e6 6. b4 {is another topic,
e..g. ist ein anderes Thema, z.B.} a5 7. c3 Bd7 8. Qb3 {½-½ /30, Moroni,L 
(2558)-Petrov,N (2573), Bad Ragaz 2018}) 5. b4 a5 6. c3 Bd7 $5 {[#]} ({Much
stronger than Viel stärker als} 6... axb4 $143 7. cxb4 b6 $2 {, after which
Werder Bremen's Czech warhorse suffered a painful loss. , wonach Werder
Bremens tschechischer Haudegen eine empfindliche Pleite erlitt:} (7... Nc6) 8.
Bxb8 $1 Rxb8 9. Bb5+ Ke7 10. c6 Qd6 11. Qb3 Ne8 12. Nc3 Nc7 13. Nf3 $16 {
- 1-0/36, Vogel,R (2493)-Hracek,Z (2610), Germany 2018}) 7. Qb3 $2 {A bad
positional misevaluation by the 19 -year old risk loving Italian grandmaster,
whose queen sortie here turns into an opening debacle. Eine schwere
positionelle Fehleinschätzung des 19jährigen risikofreudigen italienischen
Großmeisters, der mit diesem Damenausfall in ein Eröffnungsdebakel läuft.} (
{Another attempt has been the superior Verschiedentlich versucht wurde das
bessere} 7. Nd2 $142 {, z.B.} axb4 8. cxb4 b6 9. cxb6 Bxb4 10. Bc7 Qe7 (10...
Qc8 11. Rb1 $5 (11. Qb3 $5 Bxd2+ 12. Kxd2 Qb7 13. Bd3 O-O (13... d4 14. exd4
Nd5 15. Bg3 Ba4 16. Qb2 $14) 14. Ne2 $14 {½-½/115, Tang,A (2487)-Bok,B (2643)
, chess.com INT 2019}) 11... Ra4 (11... Nc6 $143 12. Ngf3) 12. Ngf3 O-O 13. Bd3
Na6 14. Be5 Nc5 $5 15. Bc2 Qa6 16. a3 Bxa3 17. Qe2 Rb4 18. Qxa6 Rxb1+ 19. Bxb1
Nxa6 20. Ke2 $14) 11. Ngf3 (11. b7 $6 Ra3 12. Bxb8 Ba4) 11... O-O 12. a4 $13 {
/=, ½-½/54, Nabaty,T (2688)-Santos Ruiz,M (2554), Moscow 2019}) 7... axb4 8.
cxb4 b6 9. Bd6 {[#]} ({Nor does returning the pawn after Auch die Rückgabe
des Bauern nach} 9. Bd3 bxc5 10. bxc5 Na6 $1 11. Bxa6 Rxa6 12. Nc3 Bxc5 $17 {
provide any relief for White. verschafft dem Weißen keine Erleichterung.})
9... bxc5 $5 $146 ({A crushing success is promised after the immediate
Durchschlagenden Erfolg verspricht sofortiges} 9... Ne4 $142 $1 {, z.B.} 10.
Qb2 (10. Bxf8 $2 Qf6 $1 $19) 10... Nxd6 11. cxd6 Qf6 $1 $17 {/-+} 12. Qxf6 gxf6
13. b5 Bxd6 14. a4 Ke7 15. Bd3 Rc8 16. Ne2 e5 17. f3 f5 18. Ra2 Be6 19. Rc2
Bb4+ 20. Kf1 Rxa4 21. Rxc8 Bxc8 22. Nec3 Bxc3 23. Nxc3 Ra3 24. Nxd5+ Kd6 25.
Nxb6 Be6 26. Bb1 Kc5 27. Nc8 Bxc8 28. Kf2 Be6 29. g4 fxg4 30. Bxh7 Nd7 31. Rb1
Ra2+ 32. Kg3 gxf3 33. h4 f5 34. Kxf3 Nf6 {- 0-1, Nakamura,H (2769)-So,W (2778),
Leuven 2018 - 0-1, Nakamura,H (2769)-So,W (2778), Leuven 2018}) 10. Bxf8 Rxf8
11. bxc5 Ne4 $1 $40 {Bearing in mind potential queen sorties Black is already
setting up annoying threats.  Schwarz stellt im Hinblick auf potentielle
Damenausfälle bereits peinliche Drohungen auf.} 12. Qb2 Nc6 13. Nd2 Rb8 14.
Qc1 Nxd2 15. Qxd2 Qf6 $1 $17 {[#] Now the white king is threatened with being
stuck in the middle, wilst Black's lead in development assumes alarming
proportions.   [#] Nun droht der weiße König in der Mitte steckenzubleiben,
während der schwarze Entwicklungsvorsprung erschreckende Ausmaße annimmt.}
16. Qc1 (16. Rc1 Rb2 17. Rc2 Rxc2 18. Qxc2 Ke7 19. Ne2 Qa1+ 20. Qc1 (20. Nc1
Nb4 $19) 20... Qxa2 21. Nc3 Qa5 $17 22. Be2 Rb8 23. O-O Qxc5) 16... Rb2 17. Nf3
Ke7 $5 ({Stereotypical, though not bad. Black establishes the link beteween
his rooks and from now on cleary dictates the course of events. Nevertheless
there was the stronger assault Schablone, wenn auch keine schlechte. Schwarz
stellt seine Turmverbindung her und diktiert nun klar das Geschehen. Noch
stärker war indes der Überfall} 17... Nb4 $142 $1 {, z.B.} 18. c6 Bxc6 19.
Qc5 Bd7 20. Rc1 Qf5 21. Qc3 Rb1 22. Qd2 Ke7 23. Nd4 Qe4 24. Be2 Rxc1+ 25. Qxc1
Rc8 26. Qa3 Qb1+ 27. Bd1 Rc1 28. Kd2 Qxa2+ 29. Qxa2 Nxa2 30. Re1 e5) 18. Bd3 $2
({Alternatives, however, are just as unpleasant for White: Alternativen sind
allerdings auch unerfreulich für Weiß: I} 18. a4 Na5 19. Ra3 Rfb8 20. Bb5 Nc4
$17) ({II} 18. Be2 Rfb8 19. Nd2 Qg6 20. O-O Rc2 21. Qe1 Rbb2 22. Rd1 Rxa2 $17)
18... Nb4 $1 $19 {[#]} 19. Bb1 Bb5 20. c6 Rc8 21. Qc5+ Ke8 {[#]} 22. c7 (22.
Qxb5 Nc2+ 23. Bxc2 Qc3+ 24. Nd2 Rxb5) 22... Rxb1+ 23. Rxb1 Nd3+ 0-1

[Event "Zuerich Kortschnoj-A"]
[Site "Zuerich"]
[Date "2001.04.28"]
[Round "1"]
[White "Piket, Jeroen"]
[Black "Forster, Richard"]
[Result "1-0"]
[WhiteElo "2628"]
[BlackElo "2462"]
[Annotator "Mikhalevski,V"]
[PlyCount "97"]
[EventDate "2001.04.28"]
[EventType "tourn"]
[EventRounds "5"]
[EventCountry "SUI"]
[EventCategory "14"]
[SourceTitle "CBM 083"]
[Source "ChessBase"]
[SourceDate "2001.07.05"]
[SourceVersion "1"]
[SourceVersionDate "2001.07.05"]
[SourceQuality "1"]

1. d4 Nf6 2. Nf3 g6 3. Nc3 d5 4. Bf4 Bg7 5. e3 O-O 6. Be2 c5 7. Ne5 Nc6 8. O-O
Qa5 {Very rare move,but it has its point.Black doesn't want to exchange c5 and
e3-pawns,but simply defends the c5-pawn.} ({More common is} 8... cxd4 9. exd4
Qb6 (9... Bf5 $5 {was tried in number of games.}) 10. Nxc6 bxc6 11. Na4 Qa5 12.
c3 Nd7 13. b4 Qd8 14. Qd2 e5 15. Bh6 Bxh6 16. Qxh6 Qf6 17. Qe3 exd4 18. cxd4 a5
19. b5 Bb7 20. Rac1 Rfe8 21. Qd2 Qe7 22. Rfe1 Qb4 23. Nc3 a4 24. Red1 a3 $11 {
1/2-1/2 Hebden,M-Lalic,B/Port Erin 1999/CBM 74 (33)}) 9. a3 {Jeroen tries to
underline a drawback of Qa5.He has been preparing a pawn sacrifice.} ({In the
only game where this position occuried white continued} 9. Qd2 Bf5 10. Rfd1
cxd4 11. exd4 Nd7 12. Nxd7 Bxd7 13. Bh6 $14 {1-0 Hebden,M-Rytshagov,M/Cappelle
la Grande 1995/EXT 97 (37)}) 9... Bf5 10. g4 (10. b4 $5 cxb4 11. axb4 Qxb4 12.
Nb5 $44 {[%csl Rb4]}) 10... Be6 11. b4 $6 {[%mdl 512] Interesting attempt to
make use of the position of black queen.However it has a tactical drawback(14..
.Nf3!).} (11. g5 $6 Ne8) 11... cxb4 12. axb4 Qxb4 13. Nb5 {[%csl Rb4] Now
black queen is in danger.At the same time the b-line is open which allows
white to win back the b7-pawn.} Nxe5 14. c3 (14. Bxe5 $2 Bxg4 $1 $17 {[%csl
Rb5]}) ({After} 14. dxe5 $6 {[%csl Gc5] black queen gets the c5-square.}) (14.
Rb1 Qa5 15. Bxe5 Rfc8) 14... Nf3+ $1 {[%mdl 64] Probably white missed this
intermediate move.Now black is better,but has to solve some tactical problems.}
15. Kh1 Qb2 16. Rb1 Qxb1 $1 (16... Qd2 {which also looks good allows white to
create some counterplay:} 17. Bxf3 Qxd1 18. Bxd1 Bxg4 (18... Ne8 $5 19. c4 $5
dxc4 20. Bf3 $44) 19. Bxg4 Nxg4 20. Nc7 $44 {[%csl Rb7,Rd5]}) 17. Qxb1 Nd2 18.
Qb2 Nxf1 19. Nc7 {[%csl Ra8,Rb7,Re6] White is not in hurry to take the
f1-knight,but wants to create weaknesses in black's camp.} Rac8 (19... Bxg4 $1
{returning back some material} 20. Nxa8 Bxe2 21. Qxe2 Rxa8 22. Qxf1 a6 $1 $17 {
was much safer.}) 20. g5 {White is trying to complicate the position.} Ne4 $6 (
20... Nh5 $1 {[%csl Rc7][%cal Gh5f4] is a more precise way to a win:} 21. Nxe6
fxe6 22. Bxf1 Nxf4 23. exf4 Rxf4 24. Qxb7 Rxc3 25. Qxe7 Rxf2 26. Qe8+ Bf8 27.
Qxe6+ Kh8 {and Black has good chances to win.}) 21. Bxf1 Nd6 $2 {[%mdl 16384]
After a number of inaccuracies black commits a serious error.} ({Necessary was
} 21... Nxg5 $1 22. Qxb7 $140 Rb8 23. Qxa7 Rb1 24. Nxe6 Nxe6 25. Kg2 Nxf4+ 26.
exf4 e6 $19 {[%csl Rc3,Rf4]}) 22. Nxe6 $6 ({Better is} 22. Bxd6 exd6 23. Qxb7
$16 {[%csl Ra7,Rd5,Rd6] and white is in full control.}) 22... fxe6 23. Bh3 $5 (
23. Bxd6 {leads to an unclear position after} exd6 24. Bh3 Rce8 25. Qxb7 Rxf2
26. Qd7 $13) 23... Nf5 24. Qxb7 Kf7 25. Bxf5 gxf5 26. Bd6 Rfe8 27. Qxa7 (27.
Bxe7 $2 {doesn't work because of} Rb8 28. Qxa7 Rb1+ 29. Kg2 Rxe7) 27... Rxc3
28. h4 $14 {[%csl Re6,Re7] Despite a slight material disadvantage white has
serious chances to convert his positional edge in a full point.} Bf8 29. Kg2
Kg6 30. Bf4 Rec8 31. Qa6 {[%csl Re6]} R8c6 32. Qe2 {[%cal Gh4h5]} h5 33. Qb5
$16 {[%csl Re6][%cal Gb5b7,Gb7d7,Gd7e8] Now White has a clear plan:he brings
the queen to d7.Black will have to defend both the e6-pawn and the e8-square.
This is possible only with rooks on c8 and c6,but then Black finds himself in
the Zugzwang.An attempt to control the e8-square by king is refuted by g6+ K:
g6 Qe8+ winning.} Rc2 34. Qb7 Rc8 35. Qd7 R2c6 36. Be5 Kf7 $8 37. Bd6 $1 {
(.) Beautiful position of full domination.Black can't move.The only thing to
do not to lose all the structure is to give up the c8-rook.} Rxd6 $8 (37... Rc2
38. g6+ {[%csl Re6] mating in 7.}) 38. Qxc8 {[%cal Gg5g6]} Bg7 $8 {Otherwise
g6 followed up by Qe8.} (38... Kg7 39. Qe8 {[%cal Gg5g6]}) 39. f4 $1 $18 Rb6
40. Kf3 {[%cal Gf3e2,Ge2d3,Gd3c3,Gc3b4,Gb4b5] Preparing simple,but strong plan:
white king comes to b5 and black rook will have to leave the 6th rank due to
Zugzwang.Then g6 comes taking all the pawns.} Rd6 41. Ke2 Rb6 42. Kd2 Rd6 43.
Kc2 Rb6 44. Kc3 Rb1 ({or} 44... Rd6 45. Kb4 Rb6+ 46. Kc5 Rd6 $140 (46... Rb1
47. g6+ {[%csl Re6]} Kf6 $140 48. Qe8) 47. Kb5 $22) 45. g6+ Kxg6 46. Qxe6+ Bf6
47. Qg8+ Kh6 48. Qxd5 Kg6 49. e4 {Despite a big number of errors and
inaccuracies,which are often guests in the rapid chess,I liked this game as it
was a real battle.} 1-0

[Event "Syre Memorial op 36th"]
[Site "Issy les Moulineaux"]
[Date "2013.05.10"]
[Round "4"]
[White "Onkoud, Abdelaziz"]
[Black "Brunner, Nicolas"]
[Result "1-0"]
[WhiteElo "2384"]
[BlackElo "2412"]
[Annotator "Onkoud,A/Primel,D"]
[PlyCount "55"]
[EventDate "2013.05.08"]
[EventType "swiss"]
[EventRounds "7"]
[EventCountry "FRA"]
[SourceTitle "EXT 2015"]
[Source "ChessBase"]
[SourceDate "2014.11.20"]
[SourceVersion "1"]
[SourceVersionDate "2014.11.20"]
[SourceQuality "1"]
[TimeControl "40/5400+30:1200+30"]

1. d4 d5 2. Bf4 c5 3. e4 $5 {Une ligne secondaire intéressante souvent jouée
par le GMI WINANTS} (3. e3 Nf6 (3... Nc6 4. c3 Qb6 5. Qb3 c4 6. Qc2 Bf5 $132)
4. c3 Nc6 5. Nd2 cxd4 6. exd4 Bf5 7. Qb3 Qc8 8. Ngf3 e6 9. Be2 h6 10. Ne5 Be7
11. O-O O-O 12. a4 Nd7 13. Ndf3 a6 14. Rfc1 Be4 15. Qd1 Ndxe5 16. Nxe5 Nxe5 17.
dxe5 f6 18. exf6 Bxf6 19. Be3 Qc7 20. a5 Qf7 21. f3 Bf5 22. Ra4 Rad8 23. Bd3
Bxd3 24. Qxd3 e5 25. Rd1 e4 26. fxe4 dxe4 27. Qc2 Rxd1+ 28. Qxd1 Bg5 29. Bd4 e3
30. Qe2 Qd5 31. h4 Rf2 32. Qg4 Rf4 {Kamsky,G (2762)-Fressinet,L (2700) Beijing
2012 1/2-1/2}) 3... dxe4 (3... Nc6 $5 4. exd5 Qxd5 5. Nc3 Qxd4 6. Nd5 {[%cal
Gd5c7]} e5 7. Nc7+ Kd8 8. Nxa8 exf4 $44 {Winants,L (2530)-Adly,A (2460) Turin
ol (Men) 37th 2006 (11) 0-1}) 4. d5 {Joué dans l'esprit d'un gambit Albin
avec couleurs inversées.} Nf6 (4... e6 $6 5. Bb5+ Bd7 6. dxe6 $1 Bxb5 $4 7.
exf7+) 5. Nc3 a6 (5... g6 6. Nb5 Na6 7. d6 Bg4 8. f3 exf3 9. gxf3 {Toupalik,
B-Spielmann,R Prague sim 1912 1-0} (9. Nxf3)) 6. Qe2 Bg4 {A.ONKOUD: Je ne
croyais pas trop au Gambit...mais vu la suite des événements....et
l’analyse post Mortem..La ligne choisie par les noirs n’est pas très
efficace et je me demande encore comment doivent se comporter les noirs face
à ce gambit. Le ballet de la Ta1-d1-é1-f1-é1-è5-é7-g7 et g6 est très
étonnant....Cela a permit au début d’écarter le Roi noir du jeu pour
faciliter l’attaque puis de contribuer activement au tableau de mat.} (6...
g6 7. O-O-O (7. Nxe4 Nxe4 (7... Nxd5 $4 8. Nd6+) 8. Qxe4 Bg7 9. O-O-O $32 {
[%csl Rb8,Gd5,Re8]}) 7... Bg7 8. Nxe4 Nxe4 9. Qxe4 {Eljanov,P (2692)
-Ponomariov,R (2719) Kharkov Champions m 2008 (1) 0-1}) 7. f3 exf3 8. Nxf3 (8.
gxf3 Bf5 9. O-O-O $32 g6 10. Qe3 {Danielian,E (2423)-Krivec,J (2316) Athens
Acropolis op (Women) 2006 (9) 1-0} (10. Ne4 {[%cal Ge4f6]} Nxe4 11. fxe4 Bc8
12. e5 $16)) 8... g6 9. O-O-O Bg7 10. h3 {90} (10. d6 Nc6 $132) 10... Bxf3 {65}
11. Qxf3 Nbd7 12. g4 $1 $146 {Gagne non seulement de l'espace à l'aile-roi
mais le Bg2 sera trés fort après la poussée d5d6} (12. d6 e5 13. Bg5 h6 14.
Bh4 b5 15. Bd3 O-O 16. Nd5 Kh8 17. Be4 Rb8 18. Rhf1 g5 19. Bg3 Nxd5 20. Rxd5 f5
21. Bxf5 e4 22. Qe2 Qf6 23. c3 b4 24. c4 Rbe8 25. Rdd1 Qd8 26. Bg6 Rxf1 {
Prie,E (2510)-Dumitrache,D (2447) Condom 2012 0-1 (33)}) 12... Qb6 $6 {Les
Noirs ne vont pas réussir à trouver du contre-jeu en attaquant le P"b2" et
empêcher la poussée naturelle b7b5 semble assez douteuse} (12... O-O 13. Bg2
Rc8 (13... b5 14. d6) 14. d6 e6 (14... e5 15. Bg5) 15. Qxb7) (12... Qa5 13. Bg2
O-O 14. Rhe1 b5 $132) 13. Bg2 {[%csl Gg2] 82} O-O 14. Rhe1 $36 {[%csl Re7] 77
Les Blancs ont joué trés rapidement l'ouverture et les Noirs avait déjà 25
mns de retard à la pendule.} Rfe8 {52} 15. Re2 Qa5 {[%cal Gb7b5]} (15... Rac8
16. Rde1 Qd8 17. g5 Nh5 18. Bh2 b5 $132) 16. Rde1 Kf8 17. Kb1 {59} Rac8 {35} (
17... h6) 18. Rf1 (18. d6 $1 {Empêche le K Noir de fuir au centre par K e7
après l'ouverture de la colonne "f" et de jouer Re7 protégeant "f7"} e6 19.
Bd2 {[%csl Rf6][%cal Gd2a5,Ge1f1,Ge2f2]} b5 20. g5 Nh5 21. Rf1 $40 {[%csl Rf7,
Rf8]}) 18... Kg8 19. Bd2 {[%cal Gd2a5]} Kh8 $2 {[%csl Rf7]} (19... Qc7 {
[%cal Gb7b5] Un moindre mal} 20. Rfe1 Nb6 (20... b5) 21. g5 Nh5 22. Rf1 Rf8
$132 {[%cal Gb6c4,Gb7b5]}) 20. Rfe1 {49} Nb6 {30 leN et laQ se marchent un peu
dessus à l'aile-dame sans coopérer} 21. g5 $1 {[%csl Rf7]} Nfd7 22. Nd1 {
[%csl Ra5]} Qb5 23. Bc3 $1 Nc4 24. a4 Qxa4 25. b3 Qb5 26. Qxf7 Nce5 27. Rxe5
Rf8 28. Qxg7+ $1 {[%cal Ge5e7,Ge1e7] Une fin élégante} (28. Qxg7+ Kxg7 29.
Rxe7+ Kg8 30. Rg7+ Kh8 31. Ree7 $18 {[%csl Gc3][%cal Gg7h7]}) 1-0

[Event "Cappelle op 32nd"]
[Site "Cappelle la Grande"]
[Date "2016.02.19"]
[Round "8"]
[White "Kamsky, Gata"]
[Black "Gurevich, Mikhail"]
[Result "1-0"]
[WhiteElo "2667"]
[BlackElo "2542"]
[Annotator "Primel,D"]
[PlyCount "109"]
[EventDate "2016.02.13"]
[EventType "swiss"]
[EventRounds "9"]
[EventCountry "FRA"]
[SourceTitle "EXT 2017"]
[Source "ChessBase"]
[SourceDate "2016.10.25"]
[SourceVersion "1"]
[SourceVersionDate "2016.10.25"]
[SourceQuality "1"]
[TimeControl "40/5400+30:1800+30"]
[WhiteClock "1:30:00"]
[BlackClock "1:30:00"]

1. d4 d5 {Le parcours de Mikhail GOUREVICH était remarquable car il ne joue
presque plus et depuis plusieurs années, Cappelle est l'unique tournoi auquel
il participe} 2. Bf4 c6 (2... c5 3. e4 (3. e3 e6 4. c3 Nc6 5. Nd2 Bd6 (5... Be7
6. Ngf3 Nf6 7. Ne5 O-O 8. Bd3 Bd7 9. Qf3 $1 Rc8 10. Qh3 $36 {Sahovic,D (2485)
-Franzoni,G (2200) Biel 13th 1980 (1) 1-0}) 6. Bxd6 Qxd6 7. Qg4 g6 8. Qg3 (8.
Ngf3 Qe7 9. Qf4 cxd4 10. exd4 Qf6 11. Qe3 h5 12. Bb5 Bd7 13. Ne5 Nxe5 14. dxe5
Qe7 15. Bd3 $14)) 3... dxe4 4. d5 Nf6 5. Nc3 a6 6. Qe2 g6 (6... Nxd5 $6 7.
O-O-O $44 {[%cal Gd1d8]}) 7. O-O-O Bg7 8. Nxe4 Nxe4 9. Qxe4 $32 {[%csl Re7];
Berkes,F (2664)-Prohaszka,P (2582) Zalakaros op 34th 2015 (7) 1-0}) (2... Nf6)
3. e3 Bf5 (3... Qb6 4. Qc1 (4. b3 Bf5 5. Bd3 Bxd3 6. Qxd3 Nf6 7. Nf3 e6 8. O-O
Be7 9. c4 Nbd7 10. Nc3 O-O 11. c5 $1 Qd8 12. h3 $14 {[%cal Gb3b4,Gb4b5]}) 4...
Bf5 5. c4 e6 6. Nc3 Nf6 7. Nf3 Nbd7 8. c5 $14) 4. c4 $1 {[%csl Rb7]} e6 (4...
Bxb1) (4... Nf6 5. Qb3 Qb6 6. c5 Qxb3 7. axb3 Nbd7 8. b4 $14) 5. Qb3 (5. Nc3
Nd7 6. Qb3 Qb6 7. c5 Qxb3 8. axb3 a6 9. Nf3 h6 10. b4 Rc8 11. Nd2 f6 12. Nb3 e5
13. Bg3 Be7 14. Na5 Rc7 15. Be2 Bd8 16. O-O Ne7 17. f3 Be6 18. e4 h5 19. h3 h4
20. Bh2 g5 21. Rfd1 Kf7 22. exd5 cxd5 23. b5 exd4 24. Bxc7 Bxc7 25. b6 dxc3 26.
bxc7 cxb2 27. Rab1 Rc8 28. Nxb7 Rxc7 29. Nd8+ {1-0 (29) Grischuk,A (2774)
-Bartel,M (2622) Berlin 2015}) 5... Qb6 6. c5 Qxb3 7. axb3 Bxb1 (7... Nf6 8. b4
) 8. Rxb1 Nd7 9. b4 a6 10. Nf3 Ngf6 11. h3 Be7 $146 (11... Ne4 12. Bd3 f5 13.
Ra1 Rc8 14. Bxe4 dxe4 15. Nd2 Nf6 16. Be5 Nd5 17. Ra4 Rd8 18. Ke2 Be7 19. f3
exf3+ 20. gxf3 Rg8 21. e4 Nf6 22. Ke3 Kf7 23. Nc4 g5 24. Raa1 h5 25. Rag1 h4
26. Rg2 f4+ 27. Kd3 Nh5 28. Bc7 Rc8 29. Bd6 Ng3 30. Ra1 Ra8 31. Be5 Rad8 32.
Bc7 Rc8 33. Bb6 Bf6 34. Nd6+ Ke7 35. Nxb7 Ra8 36. Na5 Kd7 37. b3 Bd8 38. Nc4
Bc7 39. Rga2 g4 40. fxg4 f3 41. Rf2 {Tasic,Z (2188)-Dodic,D (2177) Vrnjacka
Banja 2006 1-0 (62)}) 12. Nd2 O-O 13. Nb3 Bd8 14. Na5 Bxa5 15. bxa5 Rfe8 16. f3
e5 17. dxe5 Nxe5 18. Kf2 Re6 19. Rc1 Rae8 20. Rc3 Nfd7 21. h4 f5 22. h5 Nf6 23.
Rh4 R8e7 24. Bh2 Neg4+ 25. fxg4 Ne4+ 26. Kg1 (26. Ke1 Nxc3 27. bxc3 Rxe3+ 28.
Kd2 $16) 26... Nxc3 27. bxc3 Rxe3 28. gxf5 R7e4 29. Rxe4 Rxe4 30. Kf2 h6 31.
Bc7 Re7 32. Bd6 Re4 33. f6 gxf6 34. Bd3 Ra4 35. Bc7 Ra2+ 36. Kf3 Ra3 37. Ke3
Rxc3 38. Kd4 Rc1 39. Bf4 Rh1 40. Bf5 $1 {[%cal Gf5c8]} Kg7 41. Bc8 Rb1 42. Bc7
$40 {[%csl Rb7][%cal Gc7b6]} Re1 43. Bd6 Rb1 44. Kc3 Rb5 45. Bc7 Rxc5+ 46. Kd3
Rb5 47. Bb6 c5 48. Bxb7 d4 49. Bxa6 Rb3+ 50. Kc2 Rg3 51. Bb7 Ra3 52. a6 d3+ 53.
Kb2 d2 54. Kc2 Ra2+ 55. Kd1 1-0